[Event "St Veit op 38th"]
[Site "St Veit"]
[Date "2019.07.07"]
[Round "2"]
[White "Holzmann, Herbert"]
[Black "Steindl, Johannes"]
[Result "1/2-1/2"]
[WhiteElo "1996"]
[BlackElo "2276"]
[PlyCount "78"]
[EventDate "2019.07.06"]
[EventType "swiss"]
[EventRounds "9"]
[EventCountry "AUT"]
[SourceTitle "EXT 2020"]
[Source "ChessBase"]
[SourceDate "2019.10.17"]
[SourceVersion "1"]
[SourceVersionDate "2019.10.17"]
[SourceQuality "1"]

1. Nf3 d5 2. c4 e6 3. g3 d4 4. Bg2 Nc6 5. 0-0 Nh6 6. d3 Nf5 7. Na3 h5 8. h3 f6 9. Nc2 a5 10. e4 dxe3 11. Nxe3 Nfd4 12. Bd2 Bc5 13. Re1 Kf7 14. Bc3 Ra6 15. Nc2 Qd6 16. Ncxd4 Nxd4 17. Re4 e5 18. Nxd4 exd4 19. Bd2 Bf5 20. Re1 c6 21. h4 Raa8 22. a3 Qd7 23. b4 Bd6 24. Qb3 Bc7 25. b5 a4 26. Qc2 cxb5 27. Bxb7 Ra7 28. Bd5+ Kg6 29. Be4 bxc4 30. Qxc4 Be5 31. Rac1 Bxe4 32. dxe4 Rc7 33. Qd3 Rb8 34. Bb4 Rd8 35. Kg2 Rdc8 36. Rxc7 Qxc7 37. f4 Qc2+ 38. Qxc2 Rxc2+ 39. Kf3 Bb8 1/2-1/2

[Event "Wch Seniors 65 28th"]
[Site "Bled"]
[Date "2018.11.27"]
[Round "9"]
[White "Holzmann, Herbert"]
[Black "Haubt, Georg"]
[Result "0-1"]
[WhiteElo "1955"]
[BlackElo "2136"]
[PlyCount "46"]
[EventDate "2018.11.18"]
[EventType "swiss"]
[EventRounds "11"]
[EventCountry "SLO"]
[SourceTitle "CBM 187 Extra"]
[Source "ChessBase"]
[SourceDate "2018.11.04"]
[SourceVersion "1"]
[SourceVersionDate "2018.11.04"]
[SourceQuality "1"]

1. Nf3 d5 2. c4 d4 3. b4 g5 4. Bb2 Bg7 5. e3 e5 6. Qe2 g4 7. Nxe5 Ne7 8. Bxd4 0-0 9. Bc3 a5 10. b5 f6 11. Nd3 Ng6 12. h3 gxh3 13. gxh3 Be6 14. Nc5 Bf7 15. Qf3 Nd7 16. Nxd7 Qxd7 17. Rg1 Ne5 18. Qf4 Bh5 19. Bxe5 fxe5 20. Qxe5 Bg6 21. Qg3 Bxa1 22. d4 Rae8 23. Kd1 Qf5 0-1

[Event "Wch Seniors 65 28th"]
[Site "Bled"]
[Date "2018.11.26"]
[Round "8"]
[White "Norman, Kenneth I"]
[Black "Holzmann, Herbert"]
[Result "1/2-1/2"]
[WhiteElo "2099"]
[BlackElo "1955"]
[PlyCount "144"]
[EventDate "2018.11.18"]
[EventType "swiss"]
[EventRounds "11"]
[EventCountry "SLO"]
[SourceTitle "CBM 187 Extra"]
[Source "ChessBase"]
[SourceDate "2018.11.04"]
[SourceVersion "1"]
[SourceVersionDate "2018.11.04"]
[SourceQuality "1"]

1. Nf3 Nf6 2. c4 d6 3. d4 Nbd7 4. Nc3 c6 5. e4 e5 6. Be2 Be7 7. 0-0 0-0 8. Re1 Ne8 9. Bf1 g6 10. Bh6 Ng7 11. Qd2 Re8 12. Rad1 Bf8 13. h3 a6 14. a3 Qc7 15. Qc2 b6 16. b4 Bb7 17. dxe5 Nxe5 18. Nxe5 dxe5 19. Be3 a5 20. Qb3 axb4 21. axb4 Bc8 22. Na4 Rb8 23. c5 b5 24. Nb6 Be6 25. Qc3 Rbd8 26. Bg5 Rxd1 27. Rxd1 f5 28. Bf6 fxe4 29. Bxe5 Qf7 30. Bd6 Nf5 31. Bxf8 Rxf8 32. Qe1 h5 33. Qxe4 h4 34. Qe1 Re8 35. Qd2 Bb3 36. Re1 Rxe1 37. Qxe1 Qf6 38. Nd7 Qd4 39. Qe8+ Kh7 40. Nf8+ Kg7 41. Qxg6+ Kxf8 42. Qxf5+ Ke7 43. Qg5+ Kd7 44. Qg4+ Qxg4 45. hxg4 Ke6 46. g5 Bc2 47. Be2 Bg6 48. Bf3 Be8 49. Kh2 Kf5 50. g6 Kxg6 51. Be4+ Kg5 52. g3 Bd7 53. f3 hxg3+ 54. Kxg3 Be8 55. f4+ Kf6 56. Kg4 Bd7+ 57. Kh5 Be8+ 58. Kh6 Bd7 59. Kh7 Kf7 60. Kh6 Kf6 61. Kh5 Be8+ 62. Kg4 Bd7+ 63. Kf3 Ke6 64. Ke3 Be8 65. Kd4 Bd7 66. Bg2 Kf6 67. Bf3 Kf5 68. Ke3 Be8 69. Bg2 Kf6 70. Bh3 Bf7 71. Bd7 Bd5 72. Kd4 Bg2 1/2-1/2

[Event "Wch Seniors 65 28th"]
[Site "Bled"]
[Date "2018.11.23"]
[Round "6"]
[White "Nickel, Arno"]
[Black "Holzmann, Herbert"]
[Result "0-1"]
[WhiteElo "2100"]
[BlackElo "1955"]
[PlyCount "162"]
[EventDate "2018.11.18"]
[EventType "swiss"]
[EventRounds "11"]
[EventCountry "SLO"]
[SourceTitle "CBM 187 Extra"]
[Source "ChessBase"]
[SourceDate "2018.11.04"]
[SourceVersion "1"]
[SourceVersionDate "2018.11.04"]
[SourceQuality "1"]

1. c4 Nf6 2. g3 e5 3. Bg2 Nc6 4. e4 Bc5 5. d3 d6 6. Nf3 0-0 7. 0-0 Bg4 8. h3 Bd7 9. Kh2 Ne8 10. Nc3 Nd4 11. Nxd4 Bxd4 12. Ne2 Bb6 13. f4 Qe7 14. a4 a5 15. f5 Bc6 16. Bd2 Nf6 17. g4 h6 18. Ng3 Kh7 19. g5 hxg5 20. Bxg5 Rh8 21. h4 Kg8 22. Bh3 Kf8 23. b3 Qd8 24. Ra2 Ke7 25. Kh1 Rh7 26. Rh2 Qh8 27. Bg4 Kd7 28. Kg2 Rg8 29. Rfh1 Kc8 30. h5 Nxg4 31. Qxg4 Kb8 32. Qf3 f6 33. Bd2 Ka7 34. Qe2 Re8 35. Qe1 Ka6 36. Rh4 Qf8 37. Rg4 Qe7 38. Kf3 Reh8 39. Rgh4 Be8 40. Qf1 Qd7 41. Ke2 Qc6 42. Qf3 Qc5 43. Rb1 Qa3 44. Qh1 Bd4 45. Kf3 Qa2 46. Be3 Qc2 47. Bxd4 exd4 48. Qd1 Qxd1+ 49. Rxd1 Rxh5 50. Nxh5 Rxh5 51. Rdh1 Rg5 52. Kf2 Kb6 53. Rg1 Rxg1 54. Kxg1 Kc5 55. Rh7 Kb4 56. Rxg7 Kc3 57. Rg6 Kxd3 58. Kf2 Kc2 59. Ke1 Bxg6 60. fxg6 d3 61. g7 d2+ 62. Kf2 d1Q 63. g8Q Qd4+ 64. Kf3 Qd3+ 65. Kf4 Qf1+ 66. Ke3 f5 67. exf5 Qxf5 68. Qg2+ Kxb3 69. Qxb7+ Kc3 70. Qa6 Qc5+ 71. Kf3 Kb4 72. Qb7+ Kxa4 73. Qe4 Kb4 74. Qb1+ Kxc4 75. Qc2+ Kb5 76. Qb3+ Kc6 77. Qa4+ Qb5 78. Qc2+ Kb7 79. Kg4 a4 80. Qe4+ d5 81. Qf3 Qb3 0-1

[Event "Wch Seniors 65 28th"]
[Site "Bled"]
[Date "2018.11.21"]
[Round "4"]
[White "Karnaukh, Anatolij"]
[Black "Holzmann, Herbert"]
[Result "1/2-1/2"]
[WhiteElo "2053"]
[BlackElo "1955"]
[PlyCount "91"]
[EventDate "2018.11.18"]
[EventType "swiss"]
[EventRounds "11"]
[EventCountry "SLO"]
[SourceTitle "CBM 187 Extra"]
[Source "ChessBase"]
[SourceDate "2018.11.04"]
[SourceVersion "1"]
[SourceVersionDate "2018.11.04"]
[SourceQuality "1"]

1. d4 Nf6 2. Nf3 d6 3. g3 c5 4. dxc5 Qa5+ 5. Nbd2 Qxc5 6. Bg2 Nc6 7. 0-0 Qh5 8. Re1 Bh3 9. Bh1 g6 10. c3 Bg7 11. Nd4 Bd7 12. Nxc6 Ng4 13. Nf1 bxc6 14. e4 Qc5 15. Ne3 h5 16. Bg2 Rb8 17. h3 Ne5 18. Kh1 Be6 19. f4 Nc4 20. Nxc4 Bxc4 21. Be3 Qa5 22. Bd4 e5 23. b4 Qc7 24. fxe5 Bxe5 25. Bxe5 dxe5 26. Qd2 Rd8 27. Qf2 0-0 28. Qc5 Be6 29. Red1 Rfe8 30. a4 Rxd1+ 31. Rxd1 Bb3 32. Rb1 Be6 33. b5 Rc8 34. b6 axb6 35. Rxb6 Qd8 36. a5 Qg5 37. Kh2 h4 38. gxh4 Qf4+ 39. Kg1 Qc1+ 40. Kh2 Qf4+ 41. Kg1 Rd8 42. Rb1 Rd2 43. Rf1 Qg3 44. Rf2 Rd1+ 45. Rf1 Rd2 46. Rf2 1/2-1/2

[Event "AUT-chT2M 1516"]
[Site "Austria"]
[Date "2015.10.03"]
[Round "2.6"]
[White "Hatzl, Johannes"]
[Black "Holzmann, Herbert"]
[Result "1-0"]
[WhiteElo "2118"]
[BlackElo "1988"]
[PlyCount "117"]
[EventDate "2015.10.02"]
[EventType "team-tourn"]
[EventRounds "11"]
[EventCountry "AUT"]
[SourceTitle "CBM 168 Extra"]
[Source "ChessBase"]
[SourceDate "2015.10.29"]
[SourceVersion "1"]
[SourceVersionDate "2015.10.29"]
[SourceQuality "1"]
[WhiteTeam "Fuerstenfeld/Hartberg"]
[BlackTeam "Steyregg"]
[WhiteTeamCountry "AUT"]
[BlackTeamCountry "AUT"]

1. e4 c5 2. c3 Nf6 3. e5 Nd5 4. d4 cxd4 5. cxd4 e6 6. Nc3 Nxc3 7. bxc3 d6 8. exd6 Bxd6 9. Nf3 Nd7 10. Bd3 Qc7 11. Bb2 0-0 12. 0-0 Qa5 13. Re1 b6 14. Qc2 Nf6 15. Ne5 Ba6 16. c4 Rac8 17. a3 b5 18. c5 Bb8 19. Bc3 Qc7 20. a4 Qb7 21. Rab1 b4 22. Bxb4 Bxd3 23. Qxd3 Qd5 24. Nf3 Rfd8 25. Ba5 Rd7 26. Qa6 Rf8 27. c6 Re7 28. Rxb8 Rxb8 29. c7 Ree8 30. cxb8Q Rxb8 31. Bc7 Ra8 32. h3 h6 33. Qa5 Qb3 34. Qb5 Qc2 35. Qb7 Rf8 36. Bd6 Rd8 37. Qc7 Qxc7 38. Bxc7 Rc8 39. Be5 Nd5 40. Rb1 Rc4 41. Rb8+ Kh7 42. Rb7 f6 43. Bb8 a6 44. a5 Ra4 45. Bc7 Nxc7 46. Rxc7 Rxa5 47. Re7 e5 48. dxe5 fxe5 49. Rxe5 Ra1+ 50. Re1 Rxe1+ 51. Nxe1 Kg6 52. Kf1 Kf5 53. Ke2 Ke4 54. Nc2 h5 55. g3 g5 56. f3+ Ke5 57. Nb4 h4 58. gxh4 gxh4 59. Nxa6 1-0

[Event "Schwarzach op 30th"]
[Site "Schwarzach"]
[Date "2015.08.22"]
[Round "1"]
[White "Lizak, Peter"]
[Black "Holzmann, Herbert"]
[Result "1-0"]
[WhiteElo "2420"]
[BlackElo "2040"]
[PlyCount "153"]
[EventDate "2015.08.22"]
[EventType "swiss"]
[EventRounds "9"]
[EventCountry "AUT"]
[SourceTitle "EXT 2016"]
[Source "ChessBase"]
[SourceDate "2015.10.08"]
[SourceVersion "1"]
[SourceVersionDate "2015.10.08"]
[SourceQuality "1"]

1. d4 Nf6 2. c4 g6 3. Nc3 Bg7 4. e4 d6 5. Be2 0-0 6. Nf3 Na6 7. 0-0 c5 8. d5 Nc7 9. Bf4 Bg4 10. h3 Bxf3 11. Bxf3 Nd7 12. Be2 Ne5 13. Be3 e6 14. f4 exd5 15. cxd5 Nd7 16. Bc4 a6 17. a4 b6 18. e5 dxe5 19. f5 Ne8 20. Ne4 Qh4 21. Bd3 Bh6 22. Bf2 Qe7 23. a5 c4 24. Bxc4 Qb4 25. Qe2 bxa5 26. b3 Nef6 27. Ra4 Qb8 28. Nxf6+ Nxf6 29. fxg6 hxg6 30. Bc5 Nh5 31. Bxf8 Kxf8 32. Qf2 Bf4 33. Raa1 Qd6 34. Rfd1 e4 35. g4 Ng3 36. Kg2 Re8 37. Rxa5 e3 38. Qf3 e2 39. Re1 Re3 40. Rxa6 Qe5 41. Ra8+ Kg7 42. Re8 Nf5 43. gxf5 Rxf3 44. Rxe5 Rg3+ 45. Kf2 Bxe5 46. Rxe2 Bd6 47. fxg6 Kxg6 48. Re3 Rg5 49. Re8 Kf6 50. Rd8 Ke5 51. Rh8 Rf5+ 52. Ke2 Bc5 53. Re8+ Kd6 54. Rc8 Bd4 55. b4 Rf2+ 56. Kd3 Be5 57. Rc6+ Kd7 58. Ba6 Rf4 59. Rc4 Rf1 60. Ke4 Re1+ 61. Kf5 Kd6 62. Bb7 Rf1+ 63. Kg5 Rg1+ 64. Kh5 Rg3 65. h4 f5 66. b5 Rg7 67. Rc6+ Kxd5 68. Rc7+ Kd6 69. Rxg7 Bxg7 70. Kg6 Bd4 71. Bg2 f4 72. Kf7 Ke5 73. h5 Kf5 74. h6 Kg4 75. h7 Kg3 76. Bf1 Kf3 77. b6 1-0

[Event "Donau op 23rd"]
[Site "Aschach"]
[Date "2014.12.27"]
[Round "3"]
[White "Huber, Martin Christian"]
[Black "Holzmann, Herbert"]
[Result "1-0"]
[WhiteElo "2282"]
[BlackElo "2090"]
[PlyCount "53"]
[EventDate "2014.12.26"]
[EventType "swiss"]
[EventRounds "7"]
[EventCountry "AUT"]
[SourceTitle "CBM 164 Extra"]
[Source "ChessBase"]
[SourceDate "2015.03.02"]
[SourceVersion "1"]
[SourceVersionDate "2015.03.02"]
[SourceQuality "1"]

1. d4 Nf6 2. c4 d6 3. Nc3 Nbd7 4. e4 e5 5. Nf3 Be7 6. Be2 0-0 7. 0-0 c6 8. Rb1 a5 9. Re1 Re8 10. Bf1 exd4 11. Nxd4 Nc5 12. b3 Ng4 13. h3 Ne5 14. a3 Ng6 15. b4 axb4 16. axb4 Ne6 17. Nf5 Bf8 18. Be3 Ng5 19. Ng3 Qf6 20. Qd2 Ra3 21. e5 Rxe5 22. Bd4 Nh4 23. Bxe5 dxe5 24. Re3 Bxh3 25. Nce4 Nhf3+ 26. gxf3 Nxe4 27. fxe4 1-0

[Event "AUT-chT2M 1314"]
[Site "Austria"]
[Date "2014.04.05"]
[Round "10.6"]
[White "Holzmann, Herbert"]
[Black "Ofner, Maximilian"]
[Result "0-1"]
[WhiteElo "2126"]
[BlackElo "2064"]
[PlyCount "140"]
[EventDate "2013.10.04"]
[EventType "team-tourn"]
[EventRounds "11"]
[EventCountry "AUT"]
[SourceTitle "EXT 2015"]
[Source "ChessBase"]
[SourceDate "2014.11.20"]
[SourceVersion "1"]
[SourceVersionDate "2014.11.20"]
[SourceQuality "1"]
[WhiteTeam "Steyregg"]
[BlackTeam "Gleisdorf"]
[WhiteTeamCountry "AUT"]
[BlackTeamCountry "AUT"]

1. Nf3 d5 2. g3 Nf6 3. c4 e6 4. Bg2 Be7 5. 0-0 0-0 6. b3 b6 7. d3 Bb7 8. cxd5 exd5 9. Bb2 c5 10. d4 Ne4 11. Nc3 Nxc3 12. Bxc3 Bf6 13. Qd2 Nd7 14. Rfd1 Re8 15. e3 Rc8 16. Rac1 Qe7 17. Qb2 Rc7 18. Ne1 Rec8 19. Nd3 cxd4 20. Bxd4 Bxd4 21. Qxd4 Rxc1 22. Rxc1 Rxc1+ 23. Nxc1 Qc5 24. Qd2 Nf6 25. Nd3 Qc7 26. Qb2 h6 27. Nc1 Ne4 28. Ne2 Qc5 29. Qe5 Ba6 30. Bxe4 dxe4 31. Qxc5 bxc5 32. Nc3 Bd3 33. f4 Kf8 34. Na4 c4 35. bxc4 Bxc4 36. a3 Ke7 37. Kf2 g5 38. Nb2 Bb5 39. h4 Kf6 40. hxg5+ hxg5 41. Nd1 Bd3 42. Ke1 Kf5 43. Nf2 gxf4 44. gxf4 Bb5 45. Kd2 Bc6 46. Kc3 Kg6 47. Kd4 f5 48. Nd1 Kh5 49. Kc5 Bb7 50. Nc3 Bc8 51. Nb5 a6 52. Nd6 Bd7 53. Kd4 Kg4 54. Ke5 Kf3 55. Nxf5 Bxf5 56. Kxf5 Kxe3 57. Kg5 Kd4 58. f5 e3 59. f6 e2 60. f7 e1Q 61. f8Q Qc1+ 62. Kg4 Qc4 63. Qd6+ Kc3+ 64. Kf3 Kb3 65. Ke3 Qc1+ 66. Qd2 Qxa3 67. Qd5+ Kc2+ 68. Kd4 Qd3+ 69. Kc5 Qxd5+ 70. Kxd5 Kb3 0-1

[Event "AUT-chT2M 1314"]
[Site "Austria"]
[Date "2014.04.04"]
[Round "9.6"]
[White "Aschenbrenner, Robert"]
[Black "Holzmann, Herbert"]
[Result "1/2-1/2"]
[WhiteElo "2252"]
[BlackElo "2126"]
[PlyCount "82"]
[EventDate "2013.10.04"]
[EventType "team-tourn"]
[EventRounds "11"]
[EventCountry "AUT"]
[SourceTitle "EXT 2015"]
[Source "ChessBase"]
[SourceDate "2014.11.20"]
[SourceVersion "1"]
[SourceVersionDate "2014.11.20"]
[SourceQuality "1"]
[WhiteTeam "Graz Austria"]
[BlackTeam "Steyregg"]
[WhiteTeamCountry "AUT"]
[BlackTeamCountry "AUT"]

1. d4 Nf6 2. c4 d6 3. Nf3 g6 4. Nc3 Bg7 5. e4 0-0 6. Be2 Na6 7. 0-0 e5 8. d5 Nc5 9. Qc2 a5 10. b3 Nh5 11. Bg5 f6 12. Be3 f5 13. Bxc5 dxc5 14. exf5 e4 15. Nxe4 Bxa1 16. Rxa1 Bxf5 17. Nfd2 Ng7 18. Qc3 b6 19. g4 Bxe4 20. Nxe4 Qe7 21. Bf3 Rae8 22. Bg2 g5 23. Rd1 Qe5 24. Qxe5 Rxe5 25. d6 cxd6 26. Nxd6 Rd8 27. Bd5+ Kf8 28. Nb5 Ne6 29. h3 Nf4 30. Nc3 Ne2+ 31. Nxe2 Rxe2 32. Rd3 Rd6 33. Rf3+ Ke8 34. a4 h6 35. Kg2 Re5 36. Kg3 Kd7 37. h4 Ke7 38. hxg5 hxg5 39. Rf7+ Ke8 40. Rg7 Rf6 41. Rg8+ Kd7 1/2-1/2

[Event "AUT-ch"]
[Site "Feldkirch"]
[Date "2013.07.26"]
[Round "7"]
[White "Holzmann, Herbert"]
[Black "Spiesberger, Gerhard"]
[Result "1-0"]
[WhiteElo "2116"]
[BlackElo "2077"]
[PlyCount "79"]
[EventDate "2013.07.20"]
[EventType "swiss"]
[EventRounds "9"]
[EventCountry "AUT"]
[SourceTitle "CBM 155 Extra"]
[Source "ChessBase"]
[SourceDate "2013.08.26"]
[SourceVersion "1"]
[SourceVersionDate "2013.08.26"]
[SourceQuality "1"]

1. Nf3 f5 2. d4 Nf6 3. g3 e6 4. Bg2 Be7 5. 0-0 0-0 6. c4 d6 7. b3 Qe8 8. Nc3 Nbd7 9. Ng5 Bd8 10. d5 e5 11. e4 fxe4 12. Ne6 Rf7 13. Nxe4 Nxe4 14. Bxe4 Nf8 15. Qc2 g6 16. Bh6 Nxe6 17. dxe6 Qxe6 18. Bd5 Qh3 19. Bxf7+ Kxf7 20. Be3 Bf5 21. Qd2 Be6 22. f4 e4 23. Rae1 h5 24. Bd4 h4 25. f5 Bxf5 26. Qh6 Bf6 27. Qh7+ Ke6 28. Bxf6 Kxf6 29. Rxe4 Qxf1+ 30. Kxf1 Bxe4 31. Qxh4+ Ke5 32. Qe7+ Kf5 33. Qxc7 Ke6 34. Qg7 a6 35. Ke2 Re8 36. Ke3 Bb1 37. Qxb7 Bxa2 38. Kd4 Re7 39. Qe4+ Kf6 40. Qc2 1-0

[Event "AUT-ch"]
[Site "Feldkirch"]
[Date "2013.07.24"]
[Round "5"]
[White "Holzmann, Herbert"]
[Black "Srienz, Christian"]
[Result "1/2-1/2"]
[WhiteElo "2116"]
[BlackElo "2328"]
[PlyCount "59"]
[EventDate "2013.07.20"]
[EventType "swiss"]
[EventRounds "9"]
[EventCountry "AUT"]
[SourceTitle "CBM 155 Extra"]
[Source "ChessBase"]
[SourceDate "2013.08.26"]
[SourceVersion "1"]
[SourceVersionDate "2013.08.26"]
[SourceQuality "1"]

1. Nf3 Nf6 2. c4 e6 3. g3 d5 4. Bg2 Be7 5. 0-0 0-0 6. b3 c5 7. Bb2 Nc6 8. e3 Qa5 9. d3 Rd8 10. Bc3 Qc7 11. Qe2 Bd7 12. Nbd2 Rac8 13. Bb2 Be8 14. d4 cxd4 15. Nxd4 Nxd4 16. Bxd4 e5 17. Bb2 Bc6 18. cxd5 Nxd5 19. Bh3 Bd7 20. Rfc1 Qd6 21. Rxc8 Bxc8 22. Bxc8 Rxc8 23. Nc4 Qe6 24. Nxe5 Nb4 25. Bd4 a6 26. Nc4 b5 27. Na3 Qe4 28. f3 Qe6 29. Rd1 h5 30. Kg2 1/2-1/2

[Event "AUT-ch"]
[Site "Feldkirch"]
[Date "2013.07.21"]
[Round "2"]
[White "Bahl, Felix"]
[Black "Holzmann, Herbert"]
[Result "1/2-1/2"]
[WhiteElo "2005"]
[BlackElo "2116"]
[PlyCount "66"]
[EventDate "2013.07.20"]
[EventType "swiss"]
[EventRounds "9"]
[EventCountry "AUT"]
[SourceTitle "CBM 155 Extra"]
[Source "ChessBase"]
[SourceDate "2013.08.26"]
[SourceVersion "1"]
[SourceVersionDate "2013.08.26"]
[SourceQuality "1"]

1. e4 c5 2. Nf3 Nc6 3. d4 cxd4 4. Nxd4 e6 5. Nc3 a6 6. Nxc6 bxc6 7. Bd3 Qc7 8. 0-0 Nf6 9. Re1 e5 10. Qe2 Be7 11. f4 Bc5+ 12. Kh1 a5 13. Qf3 d6 14. h3 0-0 15. fxe5 dxe5 16. Bg5 Ne8 17. Be3 Bxe3 18. Qxe3 Be6 19. b3 Nf6 20. Na4 Nh5 21. Nc5 Bc8 22. Bc4 Qe7 23. Nd3 g5 24. Qc5 Qxc5 25. Nxc5 Kg7 26. Rad1 Ra7 27. Rd6 Rc7 28. Kh2 Nf4 29. Rf1 Re8 30. Rfd1 h5 31. Kg3 h4+ 32. Kf3 Kf8 33. a4 Kg7 1/2-1/2

[Event "AUT-ch"]
[Site "Feldkirch"]
[Date "2013.07.20"]
[Round "1"]
[White "Holzmann, Herbert"]
[Black "Wallner, Joachim"]
[Result "0-1"]
[WhiteElo "2116"]
[BlackElo "2404"]
[PlyCount "114"]
[EventDate "2013.07.20"]
[EventType "swiss"]
[EventRounds "9"]
[EventCountry "AUT"]
[SourceTitle "CBM 155 Extra"]
[Source "ChessBase"]
[SourceDate "2013.08.26"]
[SourceVersion "1"]
[SourceVersionDate "2013.08.26"]
[SourceQuality "1"]

1. Nf3 d5 2. c4 c6 3. e3 Nf6 4. Nc3 a6 5. b3 Bg4 6. Be2 e6 7. Bb2 Nbd7 8. cxd5 exd5 9. h3 Bh5 10. 0-0 Bd6 11. d4 Qe7 12. a4 0-0 13. Nh4 Bxe2 14. Qxe2 g6 15. Nf3 Rae8 16. Qc2 Nh5 17. Qc1 f5 18. Ba3 Bxa3 19. Qxa3 Qf6 20. Qb2 g5 21. Rae1 Kh8 22. Qd2 Rg8 23. Nh2 Qh6 24. f3 Ng3 25. Rf2 Nf6 26. Ne2 Ngh5 27. g4 Ng7 28. Kg2 Qg6 29. Ng3 fxg4 30. Nxg4 Nfh5 31. Ne5 Qe6 32. b4 Nxg3 33. Kxg3 Nf5+ 34. Kh2 Re7 35. Qe2 Qd6 36. b5 axb5 37. axb5 c5 38. Qd3 Nh4 39. f4 c4 40. Qd1 gxf4 41. exf4 Qf6 42. Rg1 Reg7 43. Rg4 Nf5 44. Qd2 Nd6 45. Rfg2 Rxg4 46. Nxg4 Qf8 47. Qe3 Ne4 48. Ne5 Rxg2+ 49. Kxg2 Qb4 50. b6 Qxb6 51. Nxc4 Qg6+ 52. Kf3 Qg3+ 53. Ke2 Qg2+ 54. Kd1 dxc4 55. d5 Kg8 56. d6 Kf7 57. Qd4 Qd2+ 0-1

[Event "Schwarzach op 27th"]
[Site "Schwarzach"]
[Date "2012.08.20"]
[Round "3"]
[White "Danner, Georg"]
[Black "Holzmann, Herbert"]
[Result "1-0"]
[WhiteElo "2374"]
[BlackElo "2121"]
[PlyCount "113"]
[EventDate "2012.08.18"]
[EventType "swiss"]
[EventRounds "9"]
[EventCountry "AUT"]
[SourceTitle "CBM 150 Extra"]
[Source "ChessBase"]
[SourceDate "2012.10.19"]
[SourceVersion "1"]
[SourceVersionDate "2012.10.19"]
[SourceQuality "1"]

1. d4 Nf6 2. Nf3 g6 3. c4 Bg7 4. Nc3 0-0 5. e4 d6 6. Be2 c6 7. 0-0 Na6 8. Qc2 Nc7 9. h3 a6 10. Be3 Bd7 11. b4 b5 12. cxb5 cxb5 13. Rac1 Rc8 14. Qb3 Na8 15. Nd2 Nb6 16. Qa3 d5 17. e5 Ne8 18. Nb3 Nc7 19. Nc5 Nc4 20. Qb3 Ra8 21. Rcd1 e6 22. Bf4 Ra7 23. Qb1 Bc6 24. Qc1 a5 25. Nd3 Na6 26. a4 Qb6 27. bxa5 Qxa5 28. axb5 Bxb5 29. Nxb5 Qxb5 30. Bh6 Qb6 31. Bxg7 Kxg7 32. Qf4 Nb8 33. Qf6+ Kg8 34. Qh4 Nd7 35. Nf4 Rc8 36. Qh6 Nb2 37. Rd2 Nc4 38. Rd3 Ra3 39. Rxa3 Nxa3 40. Rd1 Qb2 41. Qg5 Rc1 42. Rxc1 Qxc1+ 43. Kh2 Qb2 44. Bg4 Qxd4 45. Bxe6 fxe6 46. Qd8+ Nf8 47. Qxf8+ Kxf8 48. Nxe6+ Ke7 49. Nxd4 Nc4 50. f4 Nb2 51. Kg3 Nd3 52. Kf3 Ne1+ 53. Kf2 Nd3+ 54. Ke3 Nb2 55. Nf3 Nc4+ 56. Kd4 h6 57. g4 1-0

[Event "AUT-ch"]
[Site "Linz"]
[Date "2011.07.30"]
[Round "8"]
[White "Holzmann, Herbert"]
[Black "Schwabeneder, Alois"]
[Result "1-0"]
[WhiteElo "2127"]
[BlackElo "2061"]
[PlyCount "93"]
[EventDate "2011.07.23"]
[EventType "swiss"]
[EventRounds "9"]
[EventCountry "AUT"]
[SourceTitle "CBM 143 Extra"]
[Source "ChessBase"]
[SourceDate "2011.08.29"]
[SourceVersion "1"]
[SourceVersionDate "2011.08.29"]
[SourceQuality "1"]

1. e4 d5 2. exd5 Qxd5 3. Nc3 Qa5 4. Nf3 Nf6 5. d4 Bf5 6. Bc4 e6 7. 0-0 Nbd7 8. Be3 c6 9. a3 Qc7 10. Re1 Be7 11. Bd3 Bg4 12. h3 Bh5 13. Be2 h6 14. Bd3 0-0-0 15. g4 Bg6 16. Bxg6 fxg6 17. Qe2 Bd6 18. Bd2 Rde8 19. Ne4 Bf4 20. Bxf4 Qxf4 21. Ng3 Rhf8 22. Ne5 Nxe5 23. dxe5 Nd7 24. Qe3 Kb8 25. Rad1 Qxe3 26. Rxe3 Kc7 27. b3 Rf4 28. Ne2 Rf7 29. f4 Nf8 30. h4 h5 31. g5 Nd7 32. Kg2 Nb6 33. c4 Ree7 34. Kf3 Kc8 35. Rd6 a5 36. Rc3 Nd7 37. Ke3 Nf8 38. Nd4 c5 39. Nb5 Rd7 40. b4 cxb4 41. axb4 axb4 42. Rb3 Rfe7 43. Rxb4 Rxd6 44. Nxd6+ Kb8 45. c5 Rc7 46. Kd4 Nd7 47. c6 1-0

[Event "Donau op 17th"]
[Site "Aschach"]
[Date "2008.12.30"]
[Round "6"]
[White "Holzmann, Herbert"]
[Black "Jurek, Josef"]
[Result "1/2-1/2"]
[WhiteElo "2120"]
[BlackElo "2354"]
[PlyCount "70"]
[EventDate "2008.12.26"]
[EventType "swiss"]
[EventRounds "7"]
[EventCountry "AUT"]
[SourceTitle "CBM 127 Extra"]
[Source "ChessBase"]
[SourceDate "2009.01.08"]
[SourceVersion "2"]
[SourceVersionDate "2009.01.28"]
[SourceQuality "1"]

1. Nf3 Nf6 2. c4 b6 3. g3 c5 4. Bg2 Bb7 5. 0-0 e6 6. d4 cxd4 7. Qxd4 d6 8. Nc3 a6 9. b3 Nbd7 10. Bb2 Be7 11. Rad1 Qc7 12. e4 0-0 13. Rc1 Rfe8 14. Nd2 Rad8 15. Nd1 Bf8 16. Ne3 Nc5 17. f3 Qb8 18. Nb1 d5 19. cxd5 exd5 20. e5 Nfd7 21. f4 f6 22. Bxd5+ Kh8 23. b4 Bxd5 24. Nxd5 Ne6 25. Qe4 fxe5 26. fxe5 Ng5 27. Qf5 Nxe5 28. Nc7 Ngf3+ 29. Rxf3 Nxf3+ 30. Qxf3 Bc5+ 31. Rxc5 bxc5 32. Nxe8 Rxe8 33. Qf7 Rg8 34. Nd2 cxb4 35. Ne4 Qd8 1/2-1/2

[Event "Donau op 14th"]
[Site "Aschach"]
[Date "2005.12.31"]
[Round "7"]
[White "Priborsky, Ivo"]
[Black "Holzmann, Herbert"]
[Result "1-0"]
[WhiteElo "2288"]
[BlackElo "2127"]
[PlyCount "129"]
[EventDate "2005.12.26"]
[EventType "swiss"]
[EventRounds "7"]
[EventCountry "AUT"]
[SourceTitle "CBM 110 Extra"]
[Source "ChessBase"]
[SourceDate "2006.03.10"]
[SourceVersion "2"]
[SourceVersionDate "2006.03.10"]
[SourceQuality "1"]

1. e4 c5 2. Nf3 e6 3. d4 cxd4 4. Nxd4 Nc6 5. Nc3 a6 6. Be2 Qc7 7. 0-0 Nf6 8. Be3 Bb4 9. Na4 Be7 10. Nxc6 bxc6 11. Nb6 Rb8 12. Nxc8 Qxc8 13. Bd4 0-0 14. e5 Nd5 15. c4 Nf4 16. Bf3 Qc7 17. g3 Ng6 18. Qe2 c5 19. Bc3 d6 20. exd6 Bxd6 21. Rfe1 Rbe8 22. Rad1 Rd8 23. Bg2 Be7 24. h4 Rxd1 25. Rxd1 Rd8 26. b3 Rxd1+ 27. Qxd1 Ne5 28. Qd2 Ng4 29. Bf3 h5 30. Bxg4 hxg4 31. Qe2 Qd8 32. Qxg4 Bf6 33. Bxf6 Qxf6 34. Qe2 Qd4 35. Kg2 Qd6 36. Qf3 g6 37. Qb7 Kg7 38. a4 e5 39. a5 Qd2 40. Qe4 Qxa5 41. Qxe5+ Kg8 42. g4 Qb6 43. h5 Qb7+ 44. f3 gxh5 45. Qg5+ Kf8 46. Qxc5+ Ke8 47. Qe3+ Kf8 48. gxh5 Qc6 49. Qe5 Qh6 50. f4 Qh7 51. Qc5+ Ke8 52. Qc6+ Ke7 53. Qc5+ Kd7 54. Qd5+ Ke7 55. Kf3 Kf8 56. Qd8+ Kg7 57. Qg5+ Kf8 58. f5 Ke8 59. h6 Kd7 60. Kf4 Qh8 61. Qg7 Qb8+ 62. Qe5 Qxb3 63. Qd4+ Kc6 64. h7 Qb8+ 65. Kg4 1-0